| 000 | 00930nam a2200217Ia 4500 | ||
|---|---|---|---|
| 999 |
_c39607 _d39607 |
||
| 001 | 6207 | ||
| 003 | GE_BSU | ||
| 005 | 20190601033218.0 | ||
| 008 | 181216s1983||||ge |||||||||||||| ||geo|| | ||
| 040 | _cGE_BSU | ||
| 041 | _ageo | ||
| 080 | _a004.315 დ-72 | ||
| 100 |
_aდოლიძე, თ. _91949 |
||
| 245 |
_aათობითი არითმეტიკული მოწყობილობები : _bდამხმ. სახელმძღვ. / _cდოლიძე, თ. ; რედ. მ. ძიძიგური. |
||
| 264 |
_aთბილისი : _bსპი, _c1983. |
||
| 300 |
_a99 გვ. : _bილ. , ცხრ. ; _c20 სმ. |
||
| 504 | _aბიბლიოგრ. : გვ.98. | ||
| 653 | _aათობითი არითმეტიკული მოწყობილობები | ||
| 700 |
_aძიძიგური, მ. _eრედაქტორი _9472 |
||
| 942 |
_cBK _2udc |
||